|
|
|
|
| LEADER |
00000nam0a2200000 4500 |
| 001 |
296298 |
| 005 |
20231102000907.0 |
| 035 |
|
|
|a (RuTPU)RU\TPU\book\321399
|
| 090 |
|
|
|a 296298
|
| 100 |
|
|
|a 20150529d1979 k y0rusy50 ca
|
| 101 |
0 |
|
|a rus
|
| 102 |
|
|
|a UA
|
| 105 |
|
|
|a a z 001zy
|
| 200 |
1 |
|
|a Комплексное моделирование режимов электроэнергетических систем
|f Г. Л. Баранов, В. Ф. Жаркин
|g Академия наук Украинской ССР (АН УССР), Институт электродинамики (ИЭД)
|
| 210 |
|
|
|a Киев
|c Наукова думка
|d 1979
|
| 215 |
|
|
|a 240 с.
|c ил.
|
| 320 |
|
|
|a Библиогр.: с. 230-237.
|
| 606 |
1 |
|
|a Электроэнергетические системы
|x Режимы работы
|2 stltpush
|3 (RuTPU)RU\TPU\subj\21054
|9 46102
|
| 610 |
1 |
|
|a моделирование
|
| 610 |
1 |
|
|a автоматизация
|
| 610 |
1 |
|
|a электротехнические задачи
|
| 610 |
1 |
|
|a решение
|
| 610 |
1 |
|
|a эргатические системы
|
| 610 |
1 |
|
|a язык
|
| 610 |
1 |
|
|a информационное обеспечение
|
| 610 |
1 |
|
|a алгоритмы
|
| 675 |
|
|
|a 621.311.004.13
|v 3
|
| 700 |
|
1 |
|a Баранов
|b Г. Л.
|g Георгий Леонидович
|
| 701 |
|
1 |
|a Жаркин
|b В. Ф.
|g Валерий Федорович
|
| 712 |
0 |
2 |
|a Академия наук Украинской ССР (АН УССР)
|b Институт электродинамики (ИЭД)
|c (Киев)
|c (1963-1991)
|2 stltpush
|3 (RuTPU)RU\TPU\col\12436
|
| 801 |
|
1 |
|a RU
|b 63413507
|c 20150529
|
| 801 |
|
2 |
|a RU
|b 63413507
|c 20160608
|g RCR
|
| 942 |
|
|
|c BK
|